|
|
|
|
| LEADER |
00000nbm0a2200000 4500 |
| 001 |
112612 |
| 005 |
20231031121510.0 |
| 035 |
|
|
|a (RuTPU)RU\TPU\book\121766
|
| 090 |
|
|
|a 112612
|
| 100 |
|
|
|a 20070330j20061129k y0rusy50 ca
|
| 101 |
0 |
|
|a rus
|
| 102 |
|
|
|a RU
|
| 105 |
|
|
|a y m 001zy
|
| 200 |
1 |
|
|a Проблема бессознательного в основных системах философского теоретизирования
|e диссертация на соискание ученой степени доктора философских наук
|e спец. 09.00.11
|f Т. И. Бармашова
|g Сибирский государственный аэрокосмический университет им. академика М. Ф. Решетнева; науч. конс. Н. М. Чуринов
|
| 210 |
|
|
|a Красноярск
|c [Б. и.]
|d 2006
|
| 215 |
|
|
|a 378 л.
|c ил.
|
| 229 |
|
|
|a Защищена 29 ноября 2006
|
| 320 |
|
|
|a Библиогр.: с. 345-378.
|
| 610 |
1 |
|
|a философия
|
| 610 |
1 |
|
|a социальная философия
|
| 610 |
1 |
|
|a социальная антропология
|
| 610 |
1 |
|
|a личность
|
| 610 |
1 |
|
|a теория
|
| 610 |
1 |
|
|a бессознательное
|
| 610 |
1 |
|
|a диссертации
|
| 686 |
|
|
|a Ю612
|v LBC/SL-A
|2 rubbk
|
| 686 |
|
|
|a 09.00.11
|2 oksvnk
|
| 700 |
|
1 |
|a Бармашова
|b Т. И.
|g Татьяна Ивановна
|
| 702 |
|
1 |
|a Чуринов
|b Н. М.
|4 695
|
| 712 |
0 |
2 |
|a Сибирский государственный аэрокосмический университет им. академика М. Ф. Решетнева
|2 stltpush
|3 (RuTPU)RU\TPU\col\5682
|
| 801 |
|
1 |
|a RU
|b 63413507
|c 20070330
|g PSBO
|
| 801 |
|
2 |
|a RU
|b 63413507
|c 20070419
|g PSBO
|
| 942 |
|
|
|c BK
|